| 000 | 00612cam a2200229 a 4500 | ||
|---|---|---|---|
| 001 | 2349497 | ||
| 005 | 20180306033817.0 | ||
| 008 | 830111s1983 dcu bf 001 0 eng | ||
| 010 | _a 83002521 | ||
| 020 |
_a0912704578 (pbk.) : _c$15.00 |
||
| 040 |
_aDLC _cDLC _dDLC _dWaU |
||
| 041 | _aeng | ||
| 060 | _aWZ 345 A518p | ||
| 080 | _a808.02 ELL | ||
| 082 | 0 | 0 |
_a808.02 ELL _219 |
| 100 | _a48 | ||
| 101 | _aPSI | ||
| 245 | 0 | 0 | _aPublication manual of the American Psychological Association. |
| 504 | _aBibliography: p. 181-188. | ||
| 906 |
_a7 _bcbc _corignew _d1 _eocip _f19 _gy-gencatlg |
||
| 942 |
_2ddc _cBK |
||
| 999 |
_c44131 _d44131 |
||